Romancing The Balance Sheet (Record no. 225442)
[ view plain ]
| 000 -LEADER | |
|---|---|
| fixed length control field | 00486nam a2200181Ia 4500 |
| 008 - FIXED-LENGTH DATA ELEMENTS--GENERAL INFORMATION | |
| fixed length control field | 230714s9999 xx 000 0 und d |
| 020 ## - INTERNATIONAL STANDARD BOOK NUMBER | |
| International Standard Book Number | 9790000000000 |
| 041 ## - LANGUAGE CODE | |
| Language code of text/sound track or separate title | eng |
| 082 ## - DEWEY DECIMAL CLASSIFICATION NUMBER | |
| Classification number | 657.3 |
| Item number | LAM |
| 100 ## - MAIN ENTRY--PERSONAL NAME | |
| Personal name | Lamba A. |
| 9 (RLIN) | 117815 |
| 245 ## - TITLE STATEMENT | |
| Title | Romancing The Balance Sheet |
| 250 ## - EDITION STATEMENT | |
| Edition statement | Revised + updated ed. |
| 260 ## - PUBLICATION, DISTRIBUTION, ETC. (IMPRINT) | |
| Date of publication, distribution, etc. | 2018 |
| Name of publisher, distributor, etc. | Harper Business |
| 300 ## - PHYSICAL DESCRIPTION | |
| Extent | 238 |
| 365 ## - TRADE PRICE | |
| Currency code | Rs. |
| Price amount | 799.00 |
| 700 ## - ADDED ENTRY--PERSONAL NAME | |
| Personal name | Lamba A. |
| 9 (RLIN) | 117815 |
| 906 ## - LOCAL DATA ELEMENT F, LDF (RLIN) | |
| d | O:0645531-Jul-2019B:554630-Jul-2019 |
| c | BIT |
| b | 998.75 |
No items available.